Регионална библиотека "Любен Каравелов" - Русе

Зарядът на душата (Запис номер 157976)

MARC детайли
000 -Лидер
Контролно поле с фиксирана дължина 01434nam a2200361 c 4500
003 - Код на организацията, давaща контролен номер
Контролно поле BLK
005 - Дата и час на последна редакция
Контролно поле 20240424161548.0
008 - Елементи от данни с фиксирана дължина
fixed length control field 180410b bul|||||r ||||||| ||bul||
010 ## - Наследен системен номер
LC control number KNG00164940000
020 ## - Международен стандартен номер на книга ISBN
Международен стандартен номер на книга ISBN 978-954-8311-48-9
-- издат.: Леге Артис
040 ## - Източник на каталожния запис
Идентификатор на билиотеката - собственик на записа BLK
041 ## - Код за език
Код за езика на текст/звукозапис или на отделно заглавие Български
Код за езика КДБФ Български
072 #7 - Код за тематичната категория
Код организация bullib
Код за тематична категория Н83
Текст Чужда художествена литература Н
080 ## - УДК
Текстов определител УДК Френска литература
УДК код - определител по УДК 821.133.1
УДК определител -31
УДК - код + определител 821.133.1-31
100 1# - Редна дума - Автор
Автор Гари, Ромен
Авторска отговорност първи автор
Автор - информация (биография) Кацев, Роман
R(LIN) 376207
139 ## - Редно поле
Редна дума Гари, Ромен
Авторски знак Гар - Г 23
245 10 - Сведения за заглавието
Заглавие Зарядът на душата
Подзаглавни данни Роман
Редно поле (дума) Ромен Гари; прев. от фр. Милена Личева.
257 ## - Страна на издаване
Страна на създаване/издаване Франция
260 ## - Област на издателските данни
-- София
Име на издателя, разпространителя и проч. Леге Артис
Година на издаване 2013
Печатница София : Артграф
300 ## - Физическа характеристика
Страници 284 с.
Размери/Мащаб 22 см
380 ## - Жанр
Жанр Худож. лит.
490 1# - СЕРИИ (Колекции)
Име на серия Безкрайна проза
500 ## - Общи забележки
Забележка Ориг. загл. Charge d'ame / Romain Gary. - Ромен Гари - псевд. на Роман Касев.
653 ## - Ключова дума – ненормативна
Ключова дума романи
659 ## - Тематичен бюлетин
Тематичен бюлетин Н
700 1# - Други автори (авторска отговорност)
Лично име Личева, Милена
Автороска отговорност (Описва отношението между автора и произведението) прев. от фр.
9 (RLIN) 333953
852 ## - Местоположение
Форматна сигнатура Цб 270806
856 4# - Електронен адрес и достъп
Електронен формат pdf - файл
Път до файла /url/
856 4# - Електронен адрес и достъп
Електронен формат pdf - файл
Път до файла /url/
942 ## - АРТИКУЛИ
Вид на библиотечния материал Книги
Скрит в OPAC Не
Koha issues (borrowed), all copies 8
944 ## - СЪЗДАВАНЕ И РЕДАКЦИЯ на ЗАПИСА
Създаване/Редакция Създаване
Дата на регистрацията/редакция 17.09.2014
Статус, дата на статуса Цветелина Шанова
Служител, извършил регистрацията/редакцията 30531
944 ## - СЪЗДАВАНЕ И РЕДАКЦИЯ на ЗАПИСА
Създаване/Редакция Редакция
Дата на регистрацията/редакция 25.08.2015
Статус, дата на статуса ф /
Служител, извършил регистрацията/редакцията Пенка_Димитрова
999 ## - СИСТЕМНИ КОНТРОЛНИ НОМЕРА
Koha biblionumber 157976
Koha biblioitemnumber 157976
Наличности
Код за отписване Код за изгубен артикул Код за повреда Коз за рестрикции Код за отдаване Артикулен № Име на библиотеката - собственик Име на библиотеката, в която се намира в момента Статус (Текущо местоположение) Дата на вписване в системата Местоположение - отдел Цена в лева Инвентарен номер Систематично азбучна сигнатура Баркод Номер на екземпляра Цена в евро Служебна бележка Служебен тип на артикула
  Не е изгубен Не е повреден без рестрикции заемане за дома 264425 Регионална библиотека "Любен Каравелов" Русе Регионална библиотека "Любен Каравелов" Русе Заемна - подръчен фонд 2014-09-24 Заемна - подръчен фонд 16.00 120000781026 П 840-31/Г 24 120000781026 1 8.18 Дост: DA Вид: А N: 20 Дата: 24.09.2014 Дата инв: 09.02.2018 Бележки инв: П2018 Книги
  Не е изгубен Не е повреден без рестрикции ползва се в читалня 264426 Регионална библиотека "Любен Каравелов" Русе Регионална библиотека "Любен Каравелов" Русе Хранилище 2015-08-26 Хранилище 16.00 120000791463 Цб 270806 120000791463 2 8.18 Дост: Dp Вид: Д N: 20 Дата: 29.04.2015 Книги
Vip Innovations Ltd, Rousse, Bulgaria 2025